LEADER 03570nam 2200673 a 450 001 9910144564303321 005 20170816121929.0 010 $a1-282-34609-1 010 $a9786612346095 010 $a0-470-51365-9 010 $a0-470-51366-7 035 $a(CKB)1000000000377097 035 $a(EBL)470795 035 $a(OCoLC)609849848 035 $a(SSID)ssj0000288981 035 $a(PQKBManifestationID)11232537 035 $a(PQKBTitleCode)TC0000288981 035 $a(PQKBWorkID)10384149 035 $a(PQKB)10348707 035 $a(MiAaPQ)EBC470795 035 $a(EXLCZ)991000000000377097 100 $a19880328d1988 uy 0 101 0 $aeng 135 $aur|n|---||||| 181 $ctxt 182 $cc 183 $acr 200 00$aApplications of plant cell and tissue culture$b[electronic resource] 210 $aChichester, Sussex, U.K. ;$aNew York $cWiley$d1988 215 $a1 online resource (282 p.) 225 1 $aCiba Foundation symposium ;$v137 300 $a"Symposium on Applications of Plant Cell and Tissue Culture, held at the Kyoto International Conference Centre, Kyoto, Japan, 20-22 October 1987"--P. v. 300 $a"A Wiley-Interscience publication." 311 $a0-471-91886-5 320 $aIncludes bibliographies and indexes. 327 $aAPPLICATIONS OF PLANT CELL AND TISSUE CULTURE; Contents; Participants; Introduction; Herbicide-resistant plants from cultured cells; Somaclonal variation; Applications of cell and tissue culture in tree improvement; The induction of embryogenesis in Nicotiana immature pollen in culture; Producing fertile somatic hybrids; Application of microinjection to a high frequency and synchronous somatic embryogenesis system in carrot suspension cultures; Protoplast fusion-mediated transfer of male sterility and other plasmone- control led traits 327 $aAnalysis of chloroplast parasexual hybrid calli genomes inTransformation of plant cells; Direct gene transfer to plants; Germ p lasm p resewat ion; Elicitation and metabolism of phytoalexins in plant cell cultures; Biosynthesis of tropane alkaloids; Biotechnological approaches to the production of isoquinoline alkaloids; Industrial production of shikonin and berberine; Problems in commercial exploitation of plant cell cultures; General discussion; Index of contributors; Subject index 330 $aThis work deals with basic plant physiology and cytology, and addresses the practical exploitation of plants, both as crops and as sources of useful compounds produced as secondary metabolites. Covers problems of commercial exploitation, socio-legal aspects of genetic engineering of crop plants, and of the difficulties of marketing natural compunds produced by cells under artificial conditions. 410 0$aCiba Foundation symposium ;$v137. 606 $aPlant micropropagation$vCongresses 606 $aPlant biotechnology$vCongresses 606 $aPlant cell culture$vCongresses 606 $aPlant tissue culture$vCongresses 608 $aElectronic books. 615 0$aPlant micropropagation 615 0$aPlant biotechnology 615 0$aPlant cell culture 615 0$aPlant tissue culture 676 $a571.5382 676 $a631.5 676 $a631.523 712 12$aSymposium on Applications of Plant Cell and Tissue Culture$f(1987 :$eKyoto, Japan) 801 0$bMiAaPQ 801 1$bMiAaPQ 801 2$bMiAaPQ 906 $aBOOK 912 $a9910144564303321 996 $aApplications of plant cell and tissue culture$92289398 997 $aUNINA LEADER 01092nam 2200361 450 001 9910811143203321 010 $a3-8382-7023-1 035 $a(CKB)4100000008700013 035 $a(MiAaPQ)EBC5782833 035 $a(EXLCZ)994100000008700013 100 $a20190805d2018 uy 0 101 0 $ager 135 $aurcnu|||||||| 181 $ctxt$2rdacontent 182 $cc$2rdamedia 183 $acr$2rdacarrier 200 10$aSchicksalsjahre des Konservatismus $eKonservative Intellektuelle und die Tendenzwende in den 1970er Jahren /$fFlorian Finkbeiner 210 1$aStuttgart :$cIbidem-Verlag,$d[2018] 210 4$dİ2018 215 $a1 online resource (293 pages) 225 1 $aGo?ttinger junge Forschung ;$v30 410 0$aGo?ttinger junge Forschung ;$v30. 606 $aConservatism 615 0$aConservatism. 676 $a320.52 700 $aFinkbeiner$b Florian$0931107 801 0$bMiAaPQ 801 1$bMiAaPQ 801 2$bMiAaPQ 906 $aBOOK 912 $a9910811143203321 996 $aSchicksalsjahre des Konservatismus$94053174 997 $aUNINA LEADER 05426nam 2200649Ia 450 001 9910957455703321 005 20251117065748.0 010 $a1-61761-420-3 035 $a(CKB)2670000000091401 035 $a(EBL)3018198 035 $a(SSID)ssj0000470310 035 $a(PQKBManifestationID)11331935 035 $a(PQKBTitleCode)TC0000470310 035 $a(PQKBWorkID)10410077 035 $a(PQKB)10142370 035 $a(MiAaPQ)EBC3018198 035 $a(Au-PeEL)EBL3018198 035 $a(CaPaEBR)ebr10659120 035 $a(OCoLC)923657439 035 $a(BIP)43288497 035 $a(BIP)31683990 035 $a(EXLCZ)992670000000091401 100 $a20100714d2011 uy 0 101 0 $aeng 135 $aur|n|---||||| 181 $ctxt 182 $cc 183 $acr 200 00$aInjection molding $eprocess, design, and applications /$fPhoebe H. Kauffer, editor 205 $a1st ed. 210 $aNew York $cNova Science Publishers$dc2011 215 $a1 online resource (304 p.) 225 0 $aMaterials science and technologies 300 $aDescription based upon print version of record. 311 08$a1-61761-307-X 320 $aIncludes bibliographical references and index. 327 $a""INJECTION MOLDING: PROCESS, DESIGN AND APPLICATIONS""; ""INJECTION MOLDING: PROCESS, DESIGN AND APPLICATIONS""; ""CONTENTS ""; ""PREFACE""; ""OVERVIEW OF INJECTION MOLDING AS A MANUFACTURING TECHNIQUE FOR PHARMACEUTICAL APPLICATIONS ""; ""ABSTRACT ""; ""1. INTRODUCTION ""; ""2. MATERIALS USED IN INJECTION MOLDING""; ""2.1. Carriers ""; ""2.2. Plasticizers ""; ""2.3. Active Pharmaceutical Ingredients ""; ""3. INJECTION MOLDING APPLICATIONS""; ""3.1 Solid Dispersions""; ""3.2. Oral Controlled Release Drug Delivery Systems ""; ""3.3. Medical Implants ""; ""3.4. Vaginal Rings/Inserts "" 327 $a""3.5. Other (Bio)-Medical Applications """"CONCLUSION AND OUTLOOK ""; ""REFERENCES ""; ""MELT/SOLID WELDLINE IN OVER INJECTION MOLDING: INTERFACIAL CRYSTALLINE STRUCTURES AND ADHESION BETWEEN SEMICRYSTALLINE POLYMER INTERFACES ""; ""INTRODUCTION ""; ""EXPERIMENTAL ""; ""Material""; ""Specimens Preparation ""; ""CHARACTERIZATION ""; ""Polarized Light Microscope (PLM)""; ""Scanning Electron Microscope (SEM) ""; ""Lap Shear Measurement for Interfacial Bonding Strength ""; ""PART I. INTERFACIAL CRYSTALLINE STRUCTURES AND ADHESION BETWEEN SEMICRYSTALLINE POLYMER INTERFACES "" 327 $a""1.1. Morphology Perpendicular to the Flow Direction """"1.2. Morphology along the Flow Direction ""; ""2. EFFECT OF TEMPERATURE ON INTERFACIAL MORPHOLOGY ""; ""3. EFFECT OF SHEAR STRESS ON INTERFACIAL MORPHOLOGY""; ""4. THE FORMATION MECHANISM OF DIVERSE INTERFACIAL CRYSTALLINE STRUCTURES""; ""4.1. Competing Interfacial Morphology""; ""4.2. Interfacial Shish-Kebab Layer (SKL)""; ""4.3. Interfacial Transcrystalline Layer (TCL)""; ""5. THE INTERFACIAL ADHESION OF THE INTERFACE ""; ""CONCLUSIONS "" 327 $a""PART II. ENHANCEMENT OF INTERFACIAL ADHESION AT ASYMMETRIC POLYMER INTERFACE VIA IN-SITU REACTIVE COMPATIBILIZATION """"Introduction ""; ""Experimental ""; ""Preparation of Specimens""; ""Characterization ""; ""Interfacial Adhesion ""; ""Interfacial Morphology ""; ""Determination of the Density of Copolymers at the Interface ""; ""Interfacial Fracture Mechanism ""; ""SECTION I. THE INTERFACIAL ADHESION AND FRACTURE MECHANISM OF PE/PA6 IN SITU REACTIVE COMPATIBILIZED BY THE ADDITION OF PE-MAH INTO PE INTERFACE"" 327 $a""1. Effect of PE-MAH Content and Processing Parameters on the Interfacial Adhesion """"2. Interfacial Morphology""; ""3. Interfacial Fracture Mechanism ""; ""SECTION II. EFFECT OF GRADIENT COOLING ON THE REACTIVE REINFORCEMENT IN A SEQUENTIAL INJECTION MOLDING ""; ""1. The Relationship between IS andin a Sequential Injection Molding Process ""; ""2. The Relationship between IS andin Isothermal Annealing Process ""; ""SECTION III. EFFECT OF A TIE LAYER ON THE ENHANCED INTERFACIAL ADHESION BETWEEN PE AND PA6 IN A SEQUENTIAL INJECTION MOLDING "" 327 $a""1. Effect of Processing Parameters on Interfacial Adhesion of Overinjection Molded PE/Tie Layer/PA6 Interface "" 330 $aInjection molding is one of the most versatile and important manufacturing processes, capable of mass-producing complicated plastic parts in a variety of complex shapes with high dimensional precision. It is a major processing technique for converting thermoplastic and thermosetting materials with the aid of heat and pressure into complicated parts, consuming worldwide approximately 32% of all plastics. This book presents current research data in the study of injection molding from across the globe, including an overview of injection molding as a manufacturing technique for pharmaceutical applications; melt/solid weldline in over injection molding; metal injection molding of Co for biomedical applications; and the application of ultrasonic technology in the injection molding process. 410 0$aMaterials Science and Technologies 606 $aInjection molding of plastics 606 $aPlastics 615 0$aInjection molding of plastics. 615 0$aPlastics. 676 $a668.4/12 701 $aKauffer$b Phoebe H$01863527 801 0$bMiAaPQ 801 1$bMiAaPQ 801 2$bMiAaPQ 906 $aBOOK 912 $a9910957455703321 996 $aInjection molding$94470181 997 $aUNINA